Football Anglais A-Z - Statistiques

Statistiques générales
  • Ce quiz a été pris 240 fois
  • Le résultat moyen est 16 sur 26
Statistiques - réponses
Lettre Indice Réponse % Correct
A Nom du stade et du quartier où est basé le Liverpool FC Anfield
98%
D Nom donné en référence à une ville anglaise à un affrontement entre 2 équipes d'une même ville Derby
88%
F Entraineur écossais ayant fait les beaux jours de Manchester United en Premier league Alex Ferguson
85%
K Entraineur de Liverpool entre 2015 et 2024, remportant avec lui le premier titre de championnat du club depuis 30 ans Jürgen Klopp
82%
V Attaquant symbolique de Leicester City, joueur clé dans leur sacre historique durant la saison 2015-2016 Jamie Vardy
80%
R Couleur aimée des clubs en Angleterre, à la base de plusieurs de leur surnoms Rouge (Red)
80%
X Prénom du célèbre Alonso ayant notamment joué pour Liverpool, le Real Madrid et le Bayern Munich. Il est maintenant entraîneur du Bayer Leverkusen Xabi
79%
O Nom du stade de Manchester United, aussi surnommé "The Theatre of Dreams" Old Trafford
78%
W Stade ou est disputé la finale de la coupe de la ligue et de la FA Cup, le même stade utilisé par l'équipe nationale anglaise Wembley
78%
G Meilleur passeur de l'histoire de la Premier League avec 162 passes, détenteur de nombreux records avec les Red Devils Ryan Giggs
76%
I Surnom de l'équipe d'Arsenal victorieuse de la Premier League lors de la saison 2003-2004 Invincibles
75%
T Surnom de l'équipe nationale anglaise Three Lions
75%
Q Club basé à l’ouest de Londres, victime du célèbre but d'AGUEROOOOOO en 2012 offrant à Manchester City leur premier titre de champion depuis 1968 Queens Park Rangers (QPR)
71%
C Nom de la boisson énergétique qui donne son nom à la coupe de la ligue anglaise Carabao
66%
N Seul club de l'histoire a avoir remporté plus de fois le championnat d'Europe (Coupe des clubs champions) que le championnat national Nottingham Forest
65%
Y Nom de l'hymne mythique de Liverpool, interprétée par "Gerry and the Pacemakers" You’ll Never Walk Alone
59%
S Meilleur buteur de l’histoire de la Premier League avec 260 buts Alan Shearer
49%
U Équipementier historique de celle-ci Umbro
49%
L Ancien attaquant anglais, meilleur buteur de la Coupe du Monde 1986, devenu présentateur TV Gary Lineker
48%
B Club ayant fait la surprise en remportant la saison 1994-1995 de Premier League, seul club hors "big four" qui l'a remporté avant 2012 Blackburn Rovers
40%
Z Ancien attaquant Italien emblématique de Chelsea, connu pour son style élégant et créatif Gianfranco Zola
38%
H Nom de l'un des deux stades tristement célèbres pour leur catastrophe meurtrière, survenues respectivement lors de la finale de la Coupe d'Europe des clubs champions entre la Juventus et Liverpool en 1985 et de la demi-finale de la FA Cup entre Liverpool et Nottingham Forest en 1989 Heysel / Hillsborough
28%
P Premier club champion d’Angleterre en 1889 Preston North End
23%
J Premier sponsor du maillot d'Arsenal, apparu entre 1981 et 1999 JVC
19%
E Nom du stade historique de Leeds United Elland Road
18%
M Émission télévisée de la BBC, présenté par ce dernier, diffusant les résumés des matchs de football anglais Match of the Day
18%
Aucun quiz correspondant
Distribution des résultats
% des personnes avec chaque résultat
Percentile par nombre de réponses
Votre historique - résultats
Vous n’avez pas pris ce quiz